Pracovní adaptace v obchodě

Saved in:
Bibliographic Details
Main Author: Mareš, Zbyněk
Other Authors: Motlová, Dita
Format: Book
Language:Czech
Published: Praha Výzkumný ústav obchodu 1980
Series:Knižnice VÚO 125
Tags: Add Tag
No Tags, Be the first to tag this record!

MARC

LEADER 00000nam a2200000 4500
001 c140270
005 20251110133930.3
041 0 |a cze 
044 |a CZ 
245 1 0 |a Pracovní adaptace v obchodě  |c Zbyněk Mareš, Dita Motlová 
264 1 |a Praha  |b Výzkumný ústav obchodu  |c 1980 
300 |a 59 s. 
490 1 |a Knižnice VÚO  |v 125 
830 0 |a Knižnice VÚO  |v 125 
100 1 |a Mareš, Zbyněk 
700 1 |a Motlová, Dita